LEADER 01423nam a2200325 a 4500 001 000000124509 003 CaOOAMICUS 005 20110303142620.0 008 110303s2010 it u000 u ita r 020 $a978-88-13-30965-7 040 $aPUL$bita 082 04$a345.45025 100 1 $aMicoli, Alessia.$0(OLS)http://pul/name/78648 245 13$aLa tutela penale della vittima minore :$baspetti sostanziali e processuali /$cAlessia Micoli, David Monti ; a cura di Giovanni Flora. 260 $aPadova :$bCEDAM,$c2010. 300 $aXVIII, 485 p. ;$c24 cm 500 $aInclude indici. 504 $aBibliografia p. [413]-432. 650 4$aDiritto penale$zItalia$xStudi.$0(OLS)http://pul/subject/17853 650 4$aMinori$xTutela.$0(OLS)http://pul/subject/19963 700 1 $aMonti, David.$0(OLS)http://pul/name/78649 700 1 $aFlora, Giovanni.$0(OLS)http://pul/name/78650 850 $aPUL 852 $aPUL$W1$xSL Diritto e Scienze Sociali 3$y79$m345. 45025 FLOGI 1$j143345$qDDC 21$B142379$CPULBib$Z2$F142379 $H115765 $82 941 1 $a9 996 $6020$a978-88-13-30965-7$9(OLS)http://pul/number/146527 996 $6082$a345.45025$9(OLS)http://pul/classification/1880 996 $6245$aLa tutela penale della vittima minore :$baspetti sostanziali e processuali$9(OLS)http://pul/title/156956 996 $6260$aPadova :$bCEDAM$9(OLS)http://pul/publisher/48126 LEADER 01439nam a2200313 a 4500 001 000000141919 003 CaOOAMICUS 005 20150223113121.0 008 150223s2014 vc ae u000 u ita r 020 $a978-88-85991-62-0 040 $aPUL$bita 082 04$a930.13 245 00$aLezioni di archeologia cristiana /$ca cura di Fabrizio Bisconti e Olof Brandt. 260 $aCittą del Vaticano :$bPontificio Istituto di Archeologia Cristiana,$c2014. 300 $a636 p. :$bill., piante ;$c24 cm 490 1 $aSussidi allo studio delle antichitą cristiane ;$v27 504 $aBibliografia in nota. 650 4$aArcheologia cristiana$xStudi.$0(OLS)http://pul/subject/39129 700 1 $aBisconti, Fabrizio.$0(OLS)http://pul/name/32383 700 1 $aBrandt, Olof.$0(OLS)http://pul/name/91366 830 0$aSussidi allo studio delle antichitą cristiane ;$v27.$0(OLS)http://pul/title/1229 850 $aPUL 852 $aPUL$W1$xSL Cons. Gen., Altre Classi 3$y75$m930. 13 BISFA 1$j163808$qDDC 21$q $B163843$CPULBib$Z2$F163843 $H125440 $81 941 1 $a9 996 $6020$a978-88-85991-62-0$9(OLS)http://pul/number/157040 996 $6082$a930.13$9(OLS)http://pul/classification/2737 996 $6245$aLezioni di archeologia cristiana$9(OLS)http://pul/title/27678 996 $6260$aCittą del Vaticano :$bPontificio Istituto di Archeologia Cristiana$9(OLS)http://pul/publisher/48626